000 00602nam a2200217Ii 4500
003 JO-AjNU
008 230606s9999||||xx |||||||||||||| ||und||
020 _a0-19-808542-7
040 _aJO-AjNU
_beng
_erda
_cJO-AjNU
041 _aeng
050 1 4 _aTA545.S82 2015
100 3 _aSubramamanian ,R,
_eauthor
_94605
245 0 0 _aSurveying and Levelling
250 _a2 ed
264 3 1 _aOxford : university press ,2015
300 _a956p
336 _atext
_btxt
_2rdacontent
337 _aunmediated
_bn
_2rdamedia
338 _avolume
_bnc
_2rdacarrier
650 4 _aSurveying and Levelling
_94606
999 _aE2388
_c2386
_d2386